Why do different countries use different currencies?

Gespeichert in:
Bibliographische Detailangaben
1. Verfasser: Kocherlakota, Narayana
Weitere Verfasser: Krueger, Thomas
Format: Buch
Sprache:Englisch
Veröffentlicht: Washington International Monetary Fund 1998
Schriftenreihe:IMF Working paper WP/98/17
Schlagworte:
Tags: Tag hinzufügen
Keine Tags, Fügen Sie das erste Tag hinzu!

MARC

LEADER 00000nam a2200000 4500
001 c100849
005 20221221083933.8
041 0 |a eng 
044 |a US 
245 1 0 |a Why do different countries use different currencies?  |c Prepared by Narayana Kocherlakota and Thomas Krueger 
264 1 |a Washington  |b International Monetary Fund  |c 1998 
300 |a 22 s. 
490 1 |a IMF Working paper  |v WP/98/17 
830 0 |a IMF Working paper  |v WP/98/17 
610 2 0 |a peniaze 
610 2 0 |a mena 
610 2 0 |a únie menové 
610 2 0 |a modely 
100 1 |a Kocherlakota, Narayana 
700 1 |a Krueger, Thomas